How to bridge the gap? (Record no. 83901)

MARC details
000 -LEADER
fixed length control field 01012cab a22001935a 4500
001 - CONTROL NUMBER
control field L155711
008 - FIXED-LENGTH DATA ELEMENTS--GENERAL INFORMATION
fixed length control field 120410e2012 xxk 000 0 eng d
035 ## - SYSTEM CONTROL NUMBER
System control number (Sirsi) u155711
041 0# - LANGUAGE CODE
Language code of text/sound track or separate title eng
110 2# - MAIN ENTRY--CORPORATE NAME
Corporate name or jurisdiction name as entry element EuroProperty
9 (RLIN) 1216
245 00 - TITLE STATEMENT
Title How to bridge the gap?
260 ## - PUBLICATION, DISTRIBUTION, ETC.
Date of publication, distribution, etc. 2012
490 #0 - SERIES STATEMENT
Series statement EuroProperty
Volume/sequential designation 2 April 2012, 6-7(2)
520 ## - SUMMARY, ETC.
Summary, etc. Commercial real estate faces a Euros 400 bn to 700bn financing gap mainly from bank deleveraging. Morgan Stanley estimates that banks are poised to reduce their exposure by Euros 300bn-600bn or 12%-25%. Up to Euros 150bn of this is cross-border. Over the next five years property values will fall by an average of 10%. Listed property companies with stronger balance sheets have seen their ability to refinance strengthen. Tables cover providers of financing to corporate real estate - the moving parts, and a summary of debt maturities v cash and undrawn facilities.
590 ## - LOCAL NOTE (RLIN)
Local note KA
651 #4 - SUBJECT ADDED ENTRY--GEOGRAPHIC NAME
Geographic name Europe
690 ## - LOCAL SUBJECT ADDED ENTRY--TOPICAL TERM (OCLC, RLIN)
Topical term or geographic name as entry element Commercial property
9 (RLIN) 6227
942 ## - ADDED ENTRY ELEMENTS (KOHA)
Suppress in OPAC 0
Holdings
Withdrawn status Lost status Source of classification or shelving scheme Damaged status Not for loan Home library Current library Shelving location Date acquired Total Checkouts Full call number Barcode Date last seen Price effective from Koha item type
    Dewey Decimal Classification     London London Journal article 09/04/2012   L155711 155711-1001 06/08/2019 06/08/2019 Journal